Network Analysis And Synthesis (Record no. 345586)

MARC details
000 -LEADER
fixed length control field 00453nam a2200169Ia 4500
008 - FIXED-LENGTH DATA ELEMENTS--GENERAL INFORMATION
fixed length control field 230718s9999 xx 000 0 und d
020 ## - INTERNATIONAL STANDARD BOOK NUMBER
International Standard Book Number 9781259062957
041 ## - LANGUAGE CODE
Language code of text/sound track or separate title eng
082 ## - DEWEY DECIMAL CLASSIFICATION NUMBER
Classification number 621.319'2
Item number SIN
100 ## - MAIN ENTRY--PERSONAL NAME
Personal name Singh R.R.
9 (RLIN) 170967
245 ## - TITLE STATEMENT
Title Network Analysis And Synthesis
260 ## - PUBLICATION, DISTRIBUTION, ETC. (IMPRINT)
Date of publication, distribution, etc. 2017
Name of publisher, distributor, etc. McGraw Hill
300 ## - PHYSICAL DESCRIPTION
Extent 1200
365 ## - TRADE PRICE
Currency code Rs.
Price amount 595.00
700 ## - ADDED ENTRY--PERSONAL NAME
Personal name Singh R.R.
9 (RLIN) 170967
906 ## - LOCAL DATA ELEMENT F, LDF (RLIN)
d O:0571304-Oct-2017B:471129-Sep-2017
c SE
b 5831
Holdings
Withdrawn status Lost status Damaged status Not for loan Home library Current library Date acquired Vendor Budget Code Cost, normal purchase price Bill number Total Checkouts Full call number Barcode Date last seen Discount Cost, replacement price Bill Date Koha item type Original Barcode
        Cummins College of Engineering for Women Pune Cummins College of Engineering for Women Pune 04/10/2017 Vaibhav Book House SE 428.40 4711   621.319'2 CCEP-BK-56793 18/07/2023 5831 595.00 29/09/2017 Books 056793